DAIVATHINTE CHARANMAR (Record no. 8396)
[ view plain ]
| 000 -LEADER | |
|---|---|
| fixed length control field | 00644nam a22001457a 4500 |
| 082 ## - DEWEY DECIMAL CLASSIFICATION NUMBER | |
| Classification number | 894.812 |
| Item number | JOS/D |
| 100 ## - MAIN ENTRY--AUTHOR NAME | |
| Personal name | JOSE,JOSEPH ANNAMKUTTY |
| 245 ## - TITLE STATEMENT | |
| Title | DAIVATHINTE CHARANMAR |
| 246 ## - VARYING FORM OF TITLE | |
| Title proper/short title | DAIVATHINTE CHARANMAR |
| Remainder of title | DAIVATHINTE CHARANMAR |
| 260 ## - PUBLICATION, DISTRIBUTION, ETC. (IMPRINT) | |
| Place of publication | KERALA |
| Name of publisher | D C |
| Year of publication | 2023 |
| 300 ## - PHYSICAL DESCRIPTION | |
| Number of Pages | 232 |
| 520 ## - SUMMARY, ETC. | |
| Summary, etc | Daivathinte Charanmar is a Malayalam book written by RJ, Actor and Motivational Speaker Joseph Annamkutty Jose. Through the book he tries to thank different people who helped him at some point in his life one way or the other. He believes that these people were put into his life by God himself.17 May 2019<br/> |
| 650 ## - SUBJECT ADDED ENTRY--TOPICAL TERM | |
| Topical Term | MEMOIR |
| 942 ## - ADDED ENTRY ELEMENTS (KOHA) | |
| Koha item type | Books |
| Withdrawn status | Lost status | Home library | Current library | Shelving location | Date acquired | Source of acquisition | Cost, normal purchase price | Full call number | Accession Number | Koha item type |
|---|---|---|---|---|---|---|---|---|---|---|
| Main Library | Main Library | SHELF-16L- MALAYALAM BIOGRAPHY,STUDIES/CRITICISM | 22/01/2024 | PURCHASED | 299.00 | 894.812 JOS/D | 13533 | Books |